[Event "U of W Open"]
[Site "?"]
[Date "1977.04.03"]
[Round "5"]
[White "Bailey, B."]
[Black "Karch, M."]
[Result "1-0"]
[WhiteElo "2038"]
[BlackElo "1355"]
[Annotator "Stockfish 12 (20s)"]
[PlyCount "19"]

{C55: Two Knights: 4 d3, 4 d4 exd4 5 e5 and Max Lange Attack} 1. e4 e5 2. Nc3
Be7 3. Nf3 Nc6 4. Bc4 Nf6 5. Ng5 O-O 6. d3 b6 $146 (6... Nd4 7. Be3 Bb4 8. a3
Ba5 9. b4 Bb6 10. Nd5 Nxd5 11. Qh5 Nf6 12. Bxf7+ Kh8 13. Qd1 Qe7 14. Bxd4 Bxd4
15. Bc4 Bc3+ 16. Ke2 Bxa1 17. Qxa1 Ng4 18. h4 Rxf2+ 19. Ke1 d6 20. Nf7+ Rxf7
21. Rf1 {Le,T-Campbell,P Adelaide 2003 0-1}) (6... d6 7. Bd2 (7. Nf3 Bg4 8. O-O
Nd4 9. Ne2 Nxf3+ 10. gxf3 Bxf3 11. Qd2 Nh5 12. Re1 Qd7 13. Ng3 Qh3 {
0-1 (13) Cassar,P-Amadasun,R Moscow 1994}) 7... Bg4 8. f3 Bh5 9. g4 Bg6 10. Nh3
Qd7 11. Nf2 Rad8 12. Nd5 Nxd5 13. Bxd5 Rfe8 14. c3 Bh4 15. Kf1 Bxf2 16. Kxf2
Re7 17. Bg5 Ree8 18. Bxd8 Rxd8 19. Qd2 {
1/2-1/2 (19) Stephan,G-Noettling,D Nuremberg 2004}) (6... Na5 $5 $15) 7. f4
exf4 8. Bxf4 Nh5 $4 (8... d6 $142 9. d4 Na5 $11) 9. Qxh5 $18 g6 10. Qxh7# 1-0

[Event "Seattle Class"]
[Site "?"]
[Date "1977.05.28"]
[Round "1"]
[White "Bailey, B."]
[Black "Teplow, D."]
[Result "1-0"]
[WhiteElo "1905"]
[BlackElo "1817"]
[Annotator "Stockfish 12 (20s)"]
[PlyCount "55"]

{C86: Closed Ruy Lopez: Worrall Attack} 1. e4 e5 2. Nf3 Nc6 3. Bb5 a6 4. Ba4
Nf6 5. O-O Be7 6. Qe2 b5 7. Bb3 O-O 8. c3 d5 9. exd5 Nxd5 10. Nxe5 Nxe5 11.
Qxe5 Bb7 12. d4 Bd6 13. Qh5 Nf4 14. Bxf4 Bxf4 15. Na3 $146 (15. g3 Bg5 16. f4
Bf6 17. Nd2 g6 18. Qg4 c5 19. d5 c4 20. Bc2 Qb6+ 21. Rf2 Be7 22. Nf3 Bc5 23.
Nd4 f5 24. Qd1 Rad8 25. b4 Bxd4 26. Qxd4 Qxd4 27. cxd4 Rfe8 28. a4 Bxd5 29.
axb5 axb5 {Shipman,W-Santasiere,A Pittsburgh 1946 1/2-1/2 (37)}) 15... Qd7 (
15... g6 $142 $5 16. Qh3 Qg5 $11) 16. Nc2 $14 Rae8 17. Rae1 g6 18. Qh4 Qc6 19.
f3 Qd6 20. Rxe8 (20. Nb4 $142 $5 Bd2 21. Rxe8 Rxe8 22. Nd3 $16) 20... Rxe8 $11
21. Re1 Rxe1+ 22. Nxe1 Be3+ 23. Kf1 c5 (23... a5 $5 $11) 24. Bxf7+ $14 Kg7 (
24... Kxf7 25. Qxh7+ {Skewer}) 25. d5 Bf4 $4 (25... Bh6 $142 $5 $14) 26. g3 (
26. Nd3 Bxh2 27. Be6 Bxd5 28. Bxd5 Qxd5 29. Qe7+ (29. Qxh2 Qxd3+ 30. Kf2 Qd2+
31. Kg3 Qd6+ (31... Qxb2 $6 32. Qh4 $15) 32. f4 g5 $17) 29... Kg8 30. Nxc5 $18)
26... Bc1 27. Nd3 Bh6 $4 (27... Qf8 28. Ne5 Qd6 $18) 28. Be6 (28. Be6 Bxd5 29.
Bxd5 Qxd5 30. Qe7+ Kg8 31. Qe2 Qxa2 32. Nxc5 $18) 1-0

[Event "Seattle Class"]
[Site "?"]
[Date "1977.05.28"]
[Round "2"]
[White "Bailey, B."]
[Black "Heywood, B."]
[Result "1-0"]
[WhiteElo "1905"]
[BlackElo "1939"]
[Annotator "Stockfish 12 (20s)"]
[PlyCount "78"]

{A40: Unusual replies to 1 d4} 1. e4 c5 2. Nf3 g6 3. d4 Bg7 4. c4 Na6 (4... b6
5. Nc3 cxd4 6. Nxd4 Bb7 7. Be2 Nf6 8. f3 O-O 9. O-O e6 10. Bg5 h6 11. Bh4 g5
12. Bf2 d6 13. Qd2 a6 14. Rad1 Nbd7 15. Be3 Kh7 16. Nc2 Ne8 17. Bd4 Rc8 18.
Bxg7 Kxg7 19. g3 {Vadasz,L (2490)-Bohosjan,S (2410) Trnava 1979 1/2-1/2 (48)})
5. Nc3 d6 6. Be3 (6. d5 Bg4 7. Be2 Nf6 8. Bf4 Nd7 9. Qd2 O-O 10. Bh6 Bxh6 11.
Qxh6 Bxf3 12. Bxf3 Nb4 13. Qd2 e5 14. a3 Na6 15. O-O Nc7 16. b4 Rb8 17. Bd1 b6
18. Ba4 Nf6 19. Rab1 Nh5 20. g3 a6 {
Rudd,J (2268)-Storey,C (2211) Douglas 2005 1-0 (58)}) 6... Nf6 $146 (6... f5 7.
Bd3 fxe4 8. Nxe4 Nf6 9. dxc5 Nxe4 10. Bxe4 Nxc5 11. Bxc5 dxc5 12. Qxd8+ Kxd8
13. O-O-O+ Kc7 14. Rd5 Kb6 15. b4 cxb4 16. Rb5+ Kc7 17. Rxb4 Rb8 18. Re1 Bc3
19. Rb5 Bxe1 20. Nxe1 Bd7 21. Rb3 {
Nasser,S-Lazzarini,D Vitoria 1961 1/2-1/2 (39)}) 7. dxc5 (7. h3 $5 $16) 7...
Nxc5 $11 8. Bxc5 (8. Qc2 $5 $11) 8... dxc5 $15 9. Qxd8+ Kxd8 10. O-O-O+ Kc7 (
10... Ke8 11. Be2 Rb8 12. Rhf1 $11) 11. h3 (11. Be2 h6 $11) 11... Be6 12. Kc2
h6 13. b3 Rad8 14. Be2 Rxd1 15. Rxd1 a6 16. Nd5+ (16. Ne1 $142 $11) 16... Bxd5
17. cxd5 $4 (17. exd5 Ne4 18. Re1 Nxf2 19. Bf1 $11) 17... Nxe4 $19 18. a3 (18.
Re1 Nc3 (18... Nxf2 $6 19. a4 $19) 19. Bxa6 Bf6 $19 (19... bxa6 $143 20. Rxe7+
Kd6 21. Rxf7 $19)) 18... Nxf2 (18... Nc3 $142 $5 19. Re1 Nxe2 20. Rxe2 $19) 19.
Re1 Re8 (19... Kd6 20. Nd2 b5 21. g4 $19) 20. Nd2 (20. Bc4 Kd7 21. a4 $19)
20... f5 (20... Bd4 $142 21. Bc4 Kd7 22. a4 $19) 21. Rf1 $4 (21. Bf3 $142 e5
22. dxe6 $17) 21... Bd4 $19 22. Nf3 (22. Bf3 e5 23. dxe6 Rxe6 $19) 22... Be3 (
22... Ne4 $142 23. Re1 Bc3 24. Rd1 $19) 23. Ne5 Rg8 24. Bf3 g5 (24... Bd4 $142
25. Re1 Ne4 26. Nc4 $19) 25. Re1 g4 $4 (25... f4 26. a4 $17) 26. hxg4 $4 (26.
Rxe3 $142 gxf3 27. Nxf3 Rxg2 28. Nh4 $11) 26... fxg4 $19 27. Rxe3 gxf3 28. gxf3
(28. Nxf3 Kd8 29. Ne1 $19) 28... h5 (28... Rg2 $142 29. Kb1 h5 $19) 29. Re2 $11
Nh3 30. Nd3 Rg7 31. Nxc5 $2 (31. Rh2 Rg3 32. Re2 Kd6 33. Re6+ Kxd5 34. Rxe7 Ng5
35. Nf4+ Kc6 36. Nxh5 Rxf3 $11) 31... Rf7 (31... Nf4 $5 32. Re4 Rg2+ 33. Kc3
Nxd5+ 34. Kd4 Rd2+ 35. Ke5 Nf6 $17) 32. Ne6+ (32. Re4 $5 $11) 32... Kd6 $15 33.
Nd8 Rxf3 (33... Rh7 $5 34. Kd2 Nf4 35. Nxb7+ Kxd5 $15) 34. Nxb7+ $15 Kd7 (34...
Kxd5 35. Rxe7 Rf2+ 36. Kc3 Rf3+ 37. Kc2 $11) 35. Nc5+ Kd8 36. Ne6+ Kd7 37. Re5
h4 38. Re4 a5 39. Rxh4 a4 1-0

[Event "Seattle Class"]
[Site "?"]
[Date "1977.05.29"]
[Round "3"]
[White "Macfarland, J."]
[Black "Bailey, B."]
[Result "1/2-1/2"]
[WhiteElo "1966"]
[BlackElo "1905"]
[Annotator "Stockfish 12 (15s)"]
[PlyCount "60"]

{D61: Queen's Gambit Declined: Classical: 7 Qc2} 1. d4 d5 2. c4 e6 3. Nc3 Nf6
4. Bg5 Be7 5. e3 Nbd7 6. Nf3 O-O 7. Qc2 c6 8. Rd1 h6 9. Bh4 b6 10. Be2 Ba6 (
10... Bb7 11. O-O Rc8 12. a3 c5 13. dxc5 Rxc5 14. cxd5 Nxd5 15. Bxe7 Qxe7 16.
Nxd5 Bxd5 17. Qb1 Nf6 18. Nd4 e5 19. Nf3 Rfc8 20. Rc1 Be4 21. Qa1 Rc2 22. Ba6
Rxc1 {1/2-1/2 (22) Wang Yue (2626)-Zvjaginsev,V (2675) Ergun 2006}) 11. b3 $146
(11. cxd5 Bxe2 12. Qxe2 cxd5 13. O-O Ne4 14. Bxe7 Nxc3 15. bxc3 Qxe7 16. c4 Nf6
17. Rc1 {1/2-1/2 (17) Jurek,J (2395)-Matlak,M (2430) Czechia 1998}) 11... Qc8 (
11... Rc8 12. O-O $11) 12. O-O c5 $4 (12... Re8 $142 $14) 13. cxd5 $18 Bxe2 14.
Qxe2 (14. Nxe2 $6 Nxd5 15. e4 Nb4 $11) 14... exd5 (14... cxd4 15. dxe6 fxe6 16.
Bxf6 Bxf6 17. Ne4 dxe3 18. Qxe3 $18) 15. dxc5 Qxc5 (15... Rd8 16. Nxd5 Nxd5 17.
Rxd5 Nxc5 18. Rxd8+ Bxd8 19. Bxd8 Qxd8 $18) 16. Rc1 $4 (16. Rd3 $142 $5 g6 17.
Qd1 Qa3 18. Nxd5 Nxd5 19. Rxd5 Nf6 $18) 16... Rac8 (16... Rfc8 $142 17. Nd4 Qa3
$16) 17. Qd2 $4 (17. Nd4 $5 Rfe8 18. h3 $18) 17... Qd6 (17... Qa5 18. Qd3 Ba3
19. Rc2 $11) 18. Bg3 (18. Rcd1 Rc5 19. b4 $16) 18... Qe6 $2 (18... Qa3 $142 $5
19. Nb5 Qa6 $11) 19. Nd4 $16 Qg4 20. h3 (20. f3 Qg6 21. Ncb5 a6 $16) 20... Qh5
(20... Qg6 21. Qe2 Ba3 22. Rc2 $16) 21. Qd3 Ba3 22. Rcd1 Nc5 23. Qf5 (23. Qe2
Nxb3 24. Ndb5 Na5 25. Qxh5 Nxh5 $14) 23... Nxb3 $11 24. Nxd5 Qxf5 25. Nxf5 Nxd5
26. axb3 Nc3 27. Ra1 Nb5 28. Rxa3 Nxa3 29. Ne7+ Kh7 30. Nxc8 Rxc8 1/2-1/2

[Event "Seattle Class"]
[Site "?"]
[Date "1977.05.30"]
[Round "4"]
[White "McGeary, B."]
[Black "Bailey, B."]
[Result "1-0"]
[WhiteElo "1933"]
[BlackElo "1905"]
[Annotator "Stockfish 12 (15s)"]
[PlyCount "29"]

{C54: Giuoco Piano: 4 c3 Nf6, main lines with 5 d4 and 5 d3} 1. e4 e5 2. Bc4
Bc5 3. Nf3 Nc6 4. c3 Nf6 5. d4 exd4 6. cxd4 Bb4+ 7. Bd2 Bxd2+ 8. Nbxd2 d5 9.
exd5 Nxd5 10. Qb3 Na5 11. Qa4+ c6 12. Bxd5 Qxd5 13. O-O O-O 14. Rac1 Qd8 $4
$146 (14... Qb5 15. Qa3 (15. Qxb5 cxb5 16. d5 (16. Rfe1 Be6 17. b3 Rac8 18. Ne4
Rfd8 19. Neg5 Rxc1 20. Rxc1 Nc6 21. Nxe6 fxe6 22. Kf1 Nxd4 23. Nxd4 Rxd4 24.
Rc8+ Kf7 25. Rc7+ Kf6 26. Rxb7 a5 27. Rxb5 a4 28. Ke2 g5 29. Rb6 Kf5 30. Ke3 e5
{Molina Ballester,S-Lopez Ferrando,V Castellon 2003 0-1 (45)}) 16... b6 17. b4
Nc4 18. Nxc4 bxc4 19. Nd4 Bb7 20. Nf5 Rfd8 21. Rfd1 {
1/2-1/2 (21) Romano,Z (1860)-Reginato,M (1679) Bratto 2005}) 15... b6 16. b4
Nb7 17. Ne5 Nd8 18. Qc3 Be6 19. a3 Rc8 20. Rfe1 Qd5 21. Ndc4 f6 22. Ne3 Qb3 23.
Qxb3 Bxb3 24. Nf5 Rc7 25. Nxc6 Rd7 26. Re7 Rf7 27. Rxd7 Rxd7 28. Nb8 Rf7 29.
Rc8 {Navratil,F-Cyron,K Policka 1997 1-0 (32)}) (14... b6 15. b4 Nb7 16. Qxc6
Qxa2 17. Rfe1 Qa3 18. Rb1 Qd3 19. Nc4 Qg6 20. d5 Qxc6 21. dxc6 Nd8 22. b5 Be6
23. Nd6 Bd5 24. c7 Ne6 25. Rec1 Nc5 26. Nd4 {
1-0 (26) Sekulic,V (2315)-Mitrovic,J Bijeljina Dvorovi 1994}) (14... b6 $142
$14) 15. b4 $18 (15. b4 Nc4 16. Nxc4 $18 (16. Rxc4 $2 b5 17. Qc2 bxc4 $17)) 1-0

[Event "Seattle Class"]
[Site "?"]
[Date "1977.05.30"]
[Round "5"]
[White "Bailey, B."]
[Black "Widdison, K."]
[Result "0-1"]
[WhiteElo "1905"]
[BlackElo "1895"]
[Annotator "Stockfish 12 (15s)"]
[PlyCount "60"]

{B92: Sicilian Najdorf: 6 Be2} 1. e4 c5 2. Nf3 d6 3. d4 cxd4 4. Nxd4 Nf6 5. Nc3
a6 6. Be2 e5 7. Nb3 Be6 8. O-O Be7 9. f4 Qc7 10. Be3 Nbd7 11. Qe1 O-O 12. f5
Bc4 13. Rd1 b5 14. a3 Rab8 $146 (14... Rfd8 15. g4 h6 16. Nd2 d5 17. Nxc4 dxc4
18. Bf3 Bc5 19. h4 Qa7 20. Kf2 Bxe3+ 21. Qxe3 Qxe3+ 22. Kxe3 Nb6 23. g5 hxg5
24. hxg5 Nh7 25. Rg1 Rxd1 26. Bxd1 Rd8 27. Bh5 Rd6 28. Bxf7+ Kxf7 29. g6+ {
Savchenko,A (2053)-Tishin,D (2414) Odessa 2001 1/2-1/2 (56)}) (14... Rfc8 15.
g4 h6 $15) 15. Nd2 $4 (15. g4 $142 h6 16. g5 hxg5 17. Bxg5 $11) 15... Bxe2 $17
16. Qxe2 Nb6 $4 (16... h6 $142 17. h3 Rfc8 $17) 17. Bxb6 (17. g4 h6 18. g5 hxg5
19. Bxg5 Rfd8 $11) 17... Qxb6+ (17... Rxb6 $142 18. g4 h6 $11) 18. Qf2 (18. Kh1
a5 19. Nd5 Nxd5 20. exd5 Qd4 $11) 18... Bd8 (18... Rfc8 $142 19. Qxb6 Rxb6 $17)
19. Rfe1 $4 (19. Nd5 $142 $5 $11) 19... Ng4 (19... b4 $5 20. Nd5 Nxd5 21. exd5
$19) 20. Qxb6 Bxb6+ (20... Rxb6 $143 21. Nd5 Rc6 22. c3 $14) 21. Kf1 Nxh2+ (
21... Ne3+ $142 $5 22. Rxe3 Bxe3 $17) 22. Ke2 $15 Rfc8 23. Kd3 $4 (23. Nd5 $142
Bd8 24. Rh1 $11) 23... Ng4 $19 24. Rc1 (24. Rf1 Ne3 25. Nd5 Nxd1 26. Rxd1 Bd8
$19) 24... Bd4 25. Nf3 (25. Nd5 Bxb2 26. Rb1 Bxa3 27. Ne7+ Kf8 28. Nxc8 Rxc8
29. c3 $19) 25... Nf2+ 26. Kd2 Bxc3+ 27. bxc3 Rc4 28. Ng5 (28. Ke2 Nxe4 29. f6
Nxf6 $19) 28... h6 29. Re2 Ng4 30. Nh3 Rbc8 0-1

[Event "Puget Sound Open"]
[Site "?"]
[Date "1977.07.02"]
[Round "1"]
[White "Fitzpatric, S."]
[Black "Bailey, B."]
[Result "1-0"]
[WhiteElo "1742"]
[BlackElo "1906"]
[Annotator "Stockfish 13 (15s)"]
[PlyCount "54"]

{D00: 1 d4 d5: Unusual lines} 1. d4 d5 2. Nc3 Bf5 3. f3 h5 $146 (3... e6 4. e4
(4. Bf4 c5 5. e3 Nc6 6. g4 Bg6 7. h4 h6 8. h5 Bh7 9. Bb5 Be7 10. Nge2 Rc8 11.
Qd2 a6 12. Bxc6+ Rxc6 13. Bg3 Nf6 14. a3 b5 15. dxc5 Bxc5 16. Nd4 Bxd4 17. exd4
Qb6 18. Be5 Rg8 {Toth,J (2255)-Orban,Z Sarospatak 1996 0-1 (37)}) 4... dxe4 5.
fxe4 Bg6 6. Nf3 Bb4 7. Bd3 Nc6 8. Be3 Nge7 9. O-O O-O 10. Ne2 Qc8 11. c3 Ba5
12. Nf4 Nd8 13. h4 f6 14. Qe1 c6 15. h5 Be8 16. Qh4 Bc7 17. g4 Qd7 18. g5 {
Marsalek,J-Blatny,F Chocen 1950 1-0}) (3... Bg6 4. Bg5 h6 5. Bh4 c6 6. e4 Qa5
7. e5 e6 8. a3 c5 9. Bb5+ Nc6 10. dxc5 Bxc5 11. Nge2 Qc7 12. f4 Nge7 13. Na4
Nf5 14. Nxc5 Ne3 15. Qd2 Nxg2+ 16. Kf2 Nxh4 17. Nd4 O-O 18. Bxc6 {
Aronian,L (2330)-Dragomarezkij,E (2465) Moscow 1995 0-1 (60)}) (3... c6 4. e4
Bg6 5. Nh3 e6 6. Nf4 Bd6 7. h4 Bxf4 8. Bxf4 h6 9. h5 Bh7 10. Qd2 Nd7 11. O-O-O
Qa5 12. exd5 cxd5 13. Nb5 Qxd2+ 14. Rxd2 Ke7 15. Bd6+ Kf6 16. Rh4 g5 17. hxg6
Bxg6 18. Nc7 {Meyer,H-Hohnhaus,W Minden 1951 1/2-1/2}) (3... c5 4. e4 dxe4 5.
d5 exf3 6. Nxf3 g6 7. Be3 Nf6 8. Bxc5 Bg7 9. d6 e5 10. Nb5 O-O 11. Nc7 Nbd7 12.
Nxa8 Nxc5 13. Nc7 Nfe4 14. Qd5 Ne6 15. O-O-O Nf2 16. Bc4 Nxh1 17. Rxh1 Nxc7 18.
dxc7 {Jorgensen,K-Neuenschwander,B Ribe 1978 1/2-1/2 (66)}) (3... Nf6 $142 4.
g4 Bg6 $11) 4. e4 $16 dxe4 5. fxe4 Bg4 6. Nf3 (6. Qd3 $142 e5 7. d5 $16) 6...
Bxf3 $4 (6... e5 $142 $16) 7. Qxf3 $18 (7. gxf3 $6 e5 8. Be3 exd4 9. Bxd4 a6
$16) 7... Qxd4 (7... Nc6 8. Be3 e5 $18) 8. Nd5 Nf6 (8... Kd8 9. c3 Qa4 10. Bf4
$18) 9. Nxc7+ Kd8 10. Nxa8 Nbd7 (10... e6 11. Be2 Nbd7 12. c3 Qxe4 13. Bf4 Qxf3
14. Bxf3 $18) 11. Bd3 (11. c3 $142 $5 Qxe4+ 12. Qxe4 Nxe4 $18) 11... e6 12. c3
Bb4 (12... Qd6 13. Bb5 Ne5 14. Qe2 $18) 13. Be3 Bxc3+ (13... Qxd3 14. Bb6+ $1
axb6 15. Qxd3 $18) 14. Ke2 Qd6 15. bxc3 Ne5 (15... Ke7 16. Rhd1 Rxa8 17. Bb5
$18) 16. Bf4 Ke7 17. Bxe5 (17. Rhb1 $5 b6 18. Nc7 Qxc7 $18) 17... Qxe5 18. Rab1
Rxa8 (18... b6 19. Rb5 Qxc3 20. Rf1 Rxa8 21. e5 $18) 19. Rxb7+ Kf8 20. Qg3 Qa5
(20... Qxc3 21. Qd6+ Kg8 22. Rb8+ Rxb8 23. Qxb8+ Kh7 24. e5+ g6 $18) 21. Qd6+
Kg8 22. Rb8+ Rxb8 23. Qxb8+ Kh7 24. e5+ g6 25. exf6 Qxa2+ 26. Kf3 Qd5+ 27. Be4
Qxe4+ (27... Qc5 28. Rc1 h4 29. Qe8 Qh5+ 30. Kf2 Qc5+ 31. Ke2 Qh5+ 32. Ke1 h3
33. Qxf7+ Kh6 34. g3 Qg5 35. Qg7+ Kh5 36. Bf3+ Qg4 37. Bxg4+ Kxg4 38. Qxg6+ Kf3
39. Rc2 e5 40. Qf5+ Ke3 41. Re2#) 1-0

[Event "Puget Sound Open"]
[Site "?"]
[Date "1977.07.02"]
[Round "2"]
[White "Bailey, B."]
[Black "Powrie, C."]
[Result "1-0"]
[WhiteElo "1906"]
[BlackElo "1782"]
[Annotator "Stockfish 13 (15s)"]
[PlyCount "85"]

{B06: Modern Defence} 1. e4 g6 2. d4 Bg7 3. f4 c5 4. Nf3 cxd4 5. Nxd4 Nc6 6.
Nf3 d6 7. c3 (7. Bd3 Bg4 8. h3 Bxf3 9. Qxf3 Qb6 10. c3 Nf6 11. Nd2 O-O 12. Nc4
Qc7 13. a4 e6 14. Ne3 d5 15. e5 Nd7 16. O-O Nc5 17. Bc2 a6 18. Ng4 Nb3 19. Bxb3
Qb6+ 20. Be3 Qxb3 21. Rf2 b5 {
Mihevc,I (2242)-Krumpacnik,D (2383) Dobrna 2002 1/2-1/2 (44)}) 7... Nf6 8. Bd3
O-O 9. O-O (9. Qe2 e5 10. fxe5 dxe5 11. O-O h6 12. h3 Nh5 13. Kh2 Nf4 14. Bxf4
exf4 15. Bc2 Qc7 16. Na3 a6 17. Rad1 b5 18. Nb1 Be6 19. Bb3 Rfe8 20. Bxe6 Rxe6
21. Qc2 Rae8 22. Nbd2 Na5 23. Kh1 Rc8 {
Zvereva,S-Chernikova,S (2205) St Petersburg 2004 0-1 (50)}) 9... Qc7 $146 (9...
e5 10. fxe5 Qb6+ 11. Kh1 Ng4 12. Qe2 Ncxe5 13. Nxe5 Bxe5 14. h3 Nf6 15. Bf4 Nh5
16. Bxe5 dxe5 17. Qf2 Be6 18. Na3 Qxf2 19. Rxf2 Rac8 20. Kh2 Rfd8 21. Bc2 Kg7
22. Bb3 Rc6 23. Raf1 f6 24. Bxe6 {
Brcar,A-Grosar,A (2455) Ljubljana 1992 0-1 (36)}) (9... e5 10. fxe5 Nxe5 11.
Nxe5 dxe5 12. Kh1 $17) 10. Nbd2 (10. Kh1 Bg4 11. Na3 e5 $11) 10... Nh5 (10...
e5 $5 11. Nc4 Be6 $17) 11. Nb3 $11 e5 12. fxe5 (12. f5 $5 $11) 12... dxe5 (
12... Nxe5 13. Bg5 $17) 13. Qe1 (13. Be3 b6 $17) 13... Be6 (13... Nd8 14. Be3
$17) 14. Be3 (14. Nc5 Bc8 $15) 14... Rad8 (14... Nf4 15. Bb5 $17) 15. Rd1 (15.
Nc5 Bc8 $15) 15... b6 (15... Nf4 16. Bb1 $17) 16. Qf2 (16. Ng5 $142 Bg4 17. Be2
Rxd1 18. Qxd1 Bxe2 19. Qxe2 $15) 16... f5 $4 (16... h6 $142 $5 $17) 17. Ng5 (
17. exf5 Bxf5 18. Bxf5 Rxf5 $14) 17... Bc8 (17... fxe4 18. Nxe6 Rxf2 19. Bxf2
$11 (19. Nxc7 $143 Rxf1+ 20. Rxf1 Rxd3 $17)) 18. Bc4+ (18. exf5 $142 $5 Bxf5
19. Qh4 Rxd3 20. Qc4+ Kh8 21. Rxd3 Bxd3 22. Rxf8+ Bxf8 23. Qxd3 $14) 18... Kh8
$11 19. exf5 Bxf5 (19... gxf5 $143 20. Nxh7 Kxh7 21. Qh4 $16) 20. Nf7+ (20. Rd2
$142 $5 Nf4 21. Qh4 $11) 20... Rxf7 $17 21. Bxf7 Rxd1 (21... Qxf7 $2 22. Rxd8+
Nxd8 23. g4 $18) 22. Rxd1 Nf6 $4 (22... Qxf7 $142 23. g4 Qc4 $17) 23. Bd5 $18
Ne7 (23... Nxd5 24. Rxd5 h6 25. Rd1 $18) 24. Bf3 e4 (24... Ng4 25. Bxg4 Bxg4
26. Re1 $18) 25. Be2 Ned5 26. Bd4 (26. Bg5 $142 h6 27. Qh4 Kh7 $18) 26... Qe7 (
26... Nf4 27. Rf1 g5 28. Re1 $18) 27. Bxf6 (27. Bc4 $142 Nc7 28. Qf4 Nh5 $18)
27... Nxf6 28. Nd4 Bd7 29. Re1 (29. Qf4 h6 30. Qc7 e3 $18) 29... Bh6 (29... h5
$18) 30. Qh4 (30. Rf1 $142 Bg7 31. Qg3 $18) 30... Be3+ 31. Kh1 Qe5 $4 (31...
Ng4 $142 $1 32. Qxe7 Nf2+ 33. Kg1 Ng4+ 34. Kh1 Nf2+ 35. Kg1 Ng4+ 36. Kh1 $11)
32. Rf1 (32. Nc2 Bc5 33. Qh6 Bd6 $18) 32... Bg5 33. Qg3 Qxg3 34. hxg3 Kg7 35.
Rd1 (35. a4 $142 a5 36. Ra1 $18) 35... Ng4 $4 (35... Be3 $142 36. Rf1 a5 $18)
36. Bxg4 $18 Bxg4 37. Re1 e3 38. Nf3 Bh6 39. Kg1 Kf6 (39... Bc8 40. Nd4 $18)
40. Kf1 Kf5 (40... a5 41. Ke2 Bc8 42. b3 $18) 41. Rd1 Ke6 (41... Kf6 42. Rd8
$18) 42. Ke2 Ke7 (42... Bf8 43. Rd8 Bd6 44. Kxe3 Bxg3 45. Ra8 $18) 43. Rh1 (43.
Rh1 Bg7 44. Rxh7 $18) 1-0

[Event "Puget Sound Open"]
[Site "?"]
[Date "1977.07.03"]
[Round "3"]
[White "Muller, D."]
[Black "Bailey, B."]
[Result "1/2-1/2"]
[WhiteElo "1799"]
[BlackElo "1906"]
[Annotator "Stockfish 13 (15s)"]
[PlyCount "59"]

{C45: Scotch Game} 1. e4 e5 2. Nf3 Nc6 3. d4 exd4 4. Nxd4 Bc5 5. Nb3 Be7 6. Nc3
Nf6 7. Be3 d6 8. Be2 O-O 9. f4 (9. O-O a5 10. a4 Be6 11. Nd4 Nxd4 12. Bxd4 Nd7
13. f4 f5 14. Bf3 c6 15. Qd2 Bf6 16. Rad1 Bc4 17. Rfe1 fxe4 18. Nxe4 Bxd4+ 19.
Qxd4 d5 20. b3 Ba6 21. Ng5 Qf6 22. Qxf6 Rxf6 23. Re7 Nc5 {
Davydov,M (2144)-Krasevec,V (2065) Lignano Sabbiadoro 2005 1/2-1/2}) 9... Re8
10. Bf3 $146 (10. O-O Bf8 11. Bf3 Be6 12. Nd4 Bc4 13. Re1 d5 14. Nxc6 bxc6 15.
e5 Nd7 16. b3 Ba6 17. a3 Kh8 18. Bf2 Bc5 19. Qd2 Qe7 20. g3 Rad8 21. Bd4 Bxd4+
22. Qxd4 Qc5 23. Qxc5 Nxc5 24. Rad1 d4 {
Troianescu,O-Dittmann,S Erfurt 1955 1-0 (41)}) 10... Bf8 11. Qe2 Qe7 $2 (11...
a5 $142 $5 12. a3 a4 $14) 12. O-O-O $16 Bf5 (12... a5 13. a3 a4 14. Nd4 Nxd4
15. Bxd4 $16 (15. Rxd4 $6 c6 $14)) 13. exf5 (13. Nd2 $142 $5 d5 14. exf5 $18)
13... Qxe3+ $16 14. Qxe3 Rxe3 15. Rhe1 (15. Nb5 Rb8 $16) 15... Rxe1 $14 16.
Rxe1 a6 $2 (16... Rb8 17. Nb5 Nb4 18. Nxc7 Nxa2+ 19. Kb1 $14) 17. Ne4 (17. g4
$142 d5 18. g5 $18) 17... Nxe4 $11 18. Bxe4 Re8 19. Kd2 d5 20. Bf3 (20. Bxd5 $4
Rd8 21. c4 Bb4+ 22. Kd1 Bxe1 23. Kxe1 Nb4 24. Bxb7 Nd3+ 25. Ke2 Nxf4+ 26. Kf3
Nd3 $19) 20... Rxe1 (20... Rd8 21. Rd1 $11) 21. Kxe1 $14 Ne7 $2 (21... Na5 22.
Nxa5 Bb4+ 23. Ke2 Bxa5 24. f6 $14) 22. Kd2 (22. Nc5 Nxf5 23. Nxb7 c6 $18) 22...
c6 (22... Nxf5 23. Bxd5 c6 24. Bf3 $14) 23. g4 (23. Nc5 $142 b6 24. Nxa6 Nxf5
25. Bg4 $16) 23... Nc8 $11 24. Kd3 Bd6 25. Na5 Bxf4 26. Nxb7 Bxh2 27. Kd4 Bg1+
28. Ke5 Bh2+ 29. Kd4 Bg1+ 30. Ke5 1/2-1/2

[Event "Puget Sound Open"]
[Site "?"]
[Date "1977.07.03"]
[Round "4"]
[White "Bailey, B."]
[Black "Edwards, M."]
[Result "1-0"]
[WhiteElo "1906"]
[BlackElo "1859"]
[Annotator "Stockfish 13 (15s)"]
[PlyCount "53"]

{C86: Closed Ruy Lopez: Worrall Attack} 1. e4 e5 2. Nf3 Nc6 3. Bb5 a6 4. Ba4
Nf6 5. O-O Be7 6. Qe2 d6 7. c3 Bg4 8. h3 Bxf3 (8... Bh5 9. Rd1 (9. d3 O-O 10.
Nbd2 Bxf3 11. Nxf3 b5 12. Bc2 b4 13. Ba4 Nb8 14. cxb4 a5 15. bxa5 Rxa5 16. Bc2
c5 17. Bd2 Ra7 18. b4 cxb4 19. Bxb4 Nc6 20. Bd2 Qa8 21. Bb3 Rb8 22. Rac1 h6 23.
Rc2 Nb4 {Wallace,P (2209)-Young,C (2102) Southend 2006 1-0 (33)}) 9... Nd7 10.
d4 Bxf3 11. Qxf3 Bf6 12. dxe5 Ndxe5 13. Qe2 O-O 14. f4 Ng6 15. Be3 Re8 16. Nd2
b5 17. Bb3 Na5 18. Bc2 c5 19. Qf2 Qc7 20. a3 Rab8 21. Rac1 Nc6 22. Bb1 a5 23.
a4 {Johannessen,S (2302)-Diesen,B (2275) Norway 1999 1-0 (44)}) 9. Qxf3 b5 10.
Bc2 $146 (10. Bb3 O-O 11. Rd1 Na5 12. Bc2 c5 13. d3 Qc7 14. Nd2 c4 15. d4 b4
16. dxe5 dxe5 17. cxb4 Bxb4 18. Nf1 Nc6 19. Be3 Rfd8 20. Ng3 Nd4 21. Bxd4 exd4
22. Rac1 Qe5 23. Bb1 Rac8 24. a3 Bd6 {Kamal,M-Nahzad,A Doha 1992 0-1 (44)})
10... d5 11. exd5 Qxd5 12. Qxd5 Nxd5 13. Be4 O-O-O 14. d3 (14. a4 Kb7 15. axb5
axb5 $14) 14... Bc5 (14... Kb7 $5 $11) 15. Nd2 $14 Kb7 16. Nb3 Bb6 17. c4 (17.
Bg5 $142 f6 18. Bc1 $16) 17... Nde7 $4 (17... Nf6 $142 18. c5 Nxe4 19. cxb6 Nf6
20. bxc7 Kxc7 $11) 18. c5 $18 f5 19. Bxc6+ (19. Bf3 h6 $18) 19... Nxc6 20. cxb6
Kxb6 (20... cxb6 21. f4 exf4 22. Bxf4 Rxd3 $18) 21. Be3+ Kb7 22. Nc5+ Kc8 (
22... Kb6 23. Ne6+ Kb7 24. Nc5+ Kb6 25. Ne6+ Kb7 26. f4 $18) 23. f4 (23. a4 b4
24. Nxa6 f4 $18) 23... g6 (23... Rhe8 24. a4 b4 25. a5 $18) 24. a3 (24. a4 bxa4
25. Rxa4 exf4 26. Bxf4 a5 $18) 24... Rd5 (24... Rhe8 25. Rfe1 $18) 25. Rac1 a5
26. fxe5 Nxe5 27. Bf4 (27. Bf4 Re8 28. b4 $18) 1-0